[Event "HUN-chT 1011"]
[Site "Hungary"]
[Date "2010.11.07"]
[Round "2"]
[White "Seres, Lajos"]
[Black "Chernin, Alexander"]
[Result "0-1"]
[WhiteElo "2461"]
[BlackElo "2611"]
[PlyCount "90"]
[EventDate "2010.10.10"]
[EventType "team-tourn"]
[EventRounds "11"]
[EventCountry "HUN"]
[SourceTitle "EXT 2012"]
[Source "ChessBase"]
[SourceDate "2011.11.24"]
[SourceVersion "1"]
[SourceVersionDate "2011.11.24"]
[SourceQuality "1"]
[WhiteTeam "Penzugyor"]
[BlackTeam "Aquaprofit"]
[WhiteTeamCountry "HUN"]
[BlackTeamCountry "HUN"]

1. d4 d5 2. c4 c6 3. cxd5 cxd5 4. Nf3 Nc6 5. Nc3 Nf6 6. Bf4 a6 7. a3 Bf5 8. e3 Rc8 9. Be2 e6 10. 0-0 Be7 11. Ne5 0-0 12. g4 Be4 13. f3 Bg6 14. h4 h6 15. Nxg6 fxg6 16. Bd3 Bd6 17. Ne2 e5 18. dxe5 Nxe5 19. Bxe5 Bxe5 20. Bxg6 Bxb2 21. Rb1 Bxa3 22. Rxb7 Qd6 23. Qd3 Bc5 24. Kg2 Nd7 25. Bf5 Ne5 26. Qc3 Rb8 27. Rfb1 Rxb7 28. Rxb7 g6 29. Bxg6 Rxf3 30. Nf4 Rxe3 31. Bh7+ Kh8 32. Qb2 d4 33. Bf5 Qc6+ 34. Kg1 d3 35. Rb8+ Kg7 36. Nh5+ Kf7 37. Qb3+ Ke7 38. Rb7+ Kf8 39. Rb8+ Ke7 40. Rb7+ Nd7 41. Rxd7+ Qxd7 42. Bxd7 d2 43. Qd5 d1Q+ 44. Qxd1 Re1+ 45. Kg2 Rxd1 0-1

[Event "EU-Cup 25th"]
[Site "Ohrid"]
[Date "2009.10.08"]
[Round "5.3"]
[White "Chernin, Alexander"]
[Black "Podolchenko, Evgeniy"]
[Result "1-0"]
[WhiteElo "2605"]
[BlackElo "2463"]
[PlyCount "37"]
[EventDate "2009.10.04"]
[EventType "team-swiss"]
[EventRounds "7"]
[EventCountry "MKD"]
[SourceTitle "CBM 133"]
[Source "ChessBase"]
[SourceDate "2009.11.19"]
[SourceVersion "1"]
[SourceVersionDate "2009.11.19"]
[SourceQuality "1"]
[WhiteTeam "Wien Husek"]
[BlackTeam "Gran Vesnianka"]
[WhiteTeamCountry "AUT"]
[BlackTeamCountry "BLR"]

1. d4 Nf6 2. c4 e6 3. Nf3 b6 4. g3 Ba6 5. Nbd2 Bb7 6. Bg2 c5 7. e4 Nxe4 8. Ne5 d5 9. cxd5 exd5 10. Qa4+ Ke7 11. Nxe4 dxe4 12. dxc5 Qe8 13. c6 Nxc6 14. Qxe4 Nxe5 15. Qxb7+ Kf6 16. 0-0 Rb8 17. Qe4 g6 18. Re1 Bd6 19. Qh4+ 1-0

[Event "AUT-chT 0809"]
[Site "Austria"]
[Date "2009.03.20"]
[Round "9.6"]
[White "Chernin, Alexander"]
[Black "Schweda, Roland"]
[Result "1/2-1/2"]
[WhiteElo "2593"]
[BlackElo "2420"]
[PlyCount "73"]
[EventDate "2008.11.07"]
[EventType "tourn"]
[EventRounds "11"]
[EventCountry "AUT"]
[SourceTitle "EXT 2010"]
[Source "ChessBase"]
[SourceDate "2010.11.25"]
[SourceVersion "1"]
[SourceVersionDate "2010.11.25"]
[SourceQuality "1"]
[WhiteTeam "Wien Husek"]
[BlackTeam "Wulkaprodersdorf"]
[WhiteTeamCountry "AUT"]
[BlackTeamCountry "AUT"]

1. d4 Nf6 2. c4 d6 3. Nc3 Nbd7 4. e4 e5 5. Nf3 g6 6. Be2 Bg7 7. 0-0 0-0 8. Qc2 c6 9. d5 Ne8 10. Rd1 c5 11. Bg5 f6 12. Bh4 h5 13. h3 Bh6 14. Ne1 Qe7 15. Nd3 Ng7 16. g4 Bf4 17. Kg2 Qf7 18. Rh1 f5 19. exf5 gxf5 20. g5 Qe7 21. Nxf4 exf4 22. f3 Ne5 23. Bd3 Ng6 24. Qf2 Bd7 25. Rae1 Qf7 26. Nd1 Rfe8 27. Rxe8+ Rxe8 28. Re1 Re5 29. Re2 Qe7 30. Kf1 Kf7 31. Qe1 Ne8 32. Bf2 Qxg5 33. h4 Qe7 34. b3 b6 35. Qd2 Nf6 36. Nc3 Kg7 37. Re1 1/2-1/2

[Event "AUT-chT 0809"]
[Site "Austria"]
[Date "2008.11.08"]
[Round "2.5"]
[White "Kunin, Vitaly L"]
[Black "Chernin, Alexander"]
[Result "1/2-1/2"]
[WhiteElo "2546"]
[BlackElo "2593"]
[PlyCount "110"]
[EventDate "2008.11.07"]
[EventType "tourn"]
[EventRounds "11"]
[EventCountry "AUT"]
[SourceTitle "EXT 2009"]
[Source "ChessBase"]
[SourceDate "2008.11.26"]
[SourceVersion "1"]
[SourceVersionDate "2008.11.26"]
[SourceQuality "1"]
[WhiteTeam "Holz Dohr"]
[BlackTeam "Wien Husek"]
[WhiteTeamCountry "AUT"]
[BlackTeamCountry "AUT"]

1. Nf3 d5 2. g3 c6 3. Bg2 Bg4 4. d4 Nd7 5. Nbd2 Ngf6 6. 0-0 e6 7. Re1 Be7 8. e4 0-0 9. c3 dxe4 10. Nxe4 Nxe4 11. Rxe4 Bxf3 12. Bxf3 Bg5 13. Bxg5 Qxg5 14. Qb3 Rab8 15. Rae1 Rfd8 16. Qa3 Ra8 17. Rg4 Qh6 18. Kg2 Nf8 19. Rh4 Qg5 20. Re5 Qd2 21. Re2 Qg5 22. Rh5 Qf6 23. h4 Rd7 24. Ra5 a6 25. Qb3 Qd8 26. Rc5 Rc7 27. Rce5 Nd7 28. R5e3 Nf6 29. Qc2 Rac8 30. Re1 Rd7 31. Re5 Rd6 32. Qc1 Nd7 33. R5e2 Qf6 34. Be4 Rd8 35. Re3 Qe7 36. Rf3 Nf6 37. Bb1 Rd5 38. b4 a5 39. a3 axb4 40. axb4 Ra8 41. Qc2 g6 42. Ba2 Rdd8 43. Re5 Kg7 44. Qe2 Rd6 45. Ra5 Rxa5 46. bxa5 Kg8 47. Qb2 h5 48. Rxf6 Qxf6 49. Qxb7 Qd8 50. a6 Rd7 51. Qxc6 Rd6 52. Qb7 Rb6 53. Qa7 Rc6 54. Qb7 Rb6 55. Qa7 Rc6 1/2-1/2

[Event "Abu Dhabi op 18th"]
[Site "Abu Dhabi"]
[Date "2008.09.07"]
[Round "3"]
[White "Chernin, Alexander"]
[Black "Issa, Mohamed"]
[Result "1-0"]
[WhiteElo "2593"]
[BlackElo "2007"]
[PlyCount "32"]
[EventDate "2008.09.06"]
[EventType "swiss (rapid)"]
[EventRounds "9"]
[EventCountry "UAE"]
[SourceTitle "EXT 2009"]
[Source "ChessBase"]
[SourceDate "2008.11.26"]
[SourceVersion "1"]
[SourceVersionDate "2008.11.26"]
[SourceQuality "1"]

1. d4 d5 2. Bg5 Nf6 3. e3 e6 4. Nf3 Nbd7 5. c4 Be7 6. Nc3 0-0 7. Qc2 h6 8. Bf4 dxc4 9. Bxc4 c5 10. dxc5 Bxc5 11. Rd1 Qe7 12. 0-0 Nh5 13. Ne4 Bb6 14. Rfe1 Ndf6 15. Ne5 Nxe4 16. Qxe4 Ba5 1-0

[Event "HUN-chT 0708"]
[Site "Hungary"]
[Date "2008.05.18"]
[Round "11"]
[White "Chernin, Alexander"]
[Black "Hajnal, Zoltan"]
[Result "1-0"]
[WhiteElo "2587"]
[BlackElo "2381"]
[PlyCount "83"]
[EventDate "2007.10.14"]
[EventType "team-tourn"]
[EventRounds "11"]
[EventCountry "HUN"]
[SourceTitle "EXT 2009"]
[Source "ChessBase"]
[SourceDate "2008.11.26"]
[SourceVersion "1"]
[SourceVersionDate "2008.11.26"]
[SourceQuality "1"]
[WhiteTeam "Nagykanizsa"]
[BlackTeam "Kazincbarcika"]
[WhiteTeamCountry "HUN"]
[BlackTeamCountry "HUN"]

1. c4 Nf6 2. Nc3 c6 3. e4 e5 4. Nf3 d6 5. d4 Bg4 6. Be2 Nbd7 7. 0-0 Be7 8. d5 0-0 9. Ne1 Bxe2 10. Qxe2 c5 11. Nd3 g6 12. g3 Nh5 13. Bd2 Ng7 14. f4 exf4 15. gxf4 Re8 16. Kh1 a6 17. a4 Bf6 18. Qf3 Bd4 19. Rae1 f5 20. exf5 Rxe1 21. Rxe1 Nxf5 22. Ne4 Qh4 23. Ng5 Nf6 24. a5 Rb8 25. Re2 b5 26. axb6 Rxb6 27. Be1 Qg4 28. Qxg4 Nxg4 29. Re8+ Kg7 30. Rc8 Rb7 31. b4 cxb4 32. h3 Nf6 33. Bxb4 a5 34. Bxa5 Nh5 35. Rc7+ Rxc7 36. Bxc7 Be3 37. Ne4 Nhg3+ 38. Nxg3 Nxg3+ 39. Kg2 Nf5 40. c5 Bxc5 41. Nxc5 dxc5 42. d6 1-0

[Event "AUT-chT2O 0708"]
[Site "Austria"]
[Date "2008.03.16"]
[Round "11.1"]
[White "Chernin, Alexander"]
[Black "Brod, Manfred"]
[Result "1-0"]
[WhiteElo "2587"]
[BlackElo "2198"]
[PlyCount "41"]
[EventDate "2007.10.20"]
[EventType "team-tourn"]
[EventRounds "11"]
[EventCountry "AUT"]
[SourceTitle "EXT 2009"]
[Source "ChessBase"]
[SourceDate "2008.11.26"]
[SourceVersion "1"]
[SourceVersionDate "2008.11.26"]
[SourceQuality "1"]
[WhiteTeam "Wien Husek"]
[BlackTeam "Mattersburg"]
[WhiteTeamCountry "AUT"]
[BlackTeamCountry "AUT"]

1. d4 d5 2. Nf3 Nf6 3. c4 dxc4 4. e3 e6 5. Bxc4 c5 6. 0-0 a6 7. dxc5 Bxc5 8. Qxd8+ Kxd8 9. Be2 Nbd7 10. Nbd2 b5 11. Nb3 Bb6 12. Bd2 Ne4 13. Ba5 f6 14. Rfd1 Bxa5 15. Nxa5 e5 16. Nxe5 fxe5 17. Bf3 Ke8 18. Bxe4 Rb8 19. Rac1 Rf8 20. Rc7 Rf6 21. Bc6 1-0

[Event "AUT-chT2O 0708"]
[Site "Austria"]
[Date "2008.02.17"]
[Round "9.2"]
[White "Chernin, Alexander"]
[Black "Groetz, Harald"]
[Result "1-0"]
[WhiteElo "2587"]
[BlackElo "2321"]
[PlyCount "127"]
[EventDate "2007.10.20"]
[EventType "team-tourn"]
[EventRounds "11"]
[EventCountry "AUT"]
[SourceTitle "EXT 2009"]
[Source "ChessBase"]
[SourceDate "2008.11.26"]
[SourceVersion "1"]
[SourceVersionDate "2008.11.26"]
[SourceQuality "1"]
[WhiteTeam "Wien Husek"]
[BlackTeam "Stockerau"]
[WhiteTeamCountry "AUT"]
[BlackTeamCountry "AUT"]

1. d4 d5 2. c4 c6 3. e3 Nf6 4. Nc3 a6 5. Nf3 b5 6. b3 Bg4 7. Bb2 e6 8. Be2 Bd6 9. h3 Bh5 10. 0-0 Nbd7 11. Ne5 Bxe2 12. Nxe2 Qc7 13. cxd5 cxd5 14. Rc1 Qb8 15. Nxd7 Nxd7 16. e4 dxe4 17. d5 0-0 18. dxe6 Nc5 19. Qd4 Nxe6 20. Qxe4 Re8 21. Qf5 Nf4 22. Nxf4 Bxf4 23. Rc5 Re6 24. Rd1 Bd6 25. Rcd5 Qc7 26. Bxg7 Bh2+ 27. Kh1 Rae8 28. Bc3 Qxc3 29. Kxh2 Rf6 30. Qg5+ Rg6 31. Qh5 Ree6 32. R1d3 Qc2 33. Rd2 Qc7+ 34. g3 Re1 35. Qf3 Qe7 36. R5d4 Ree6 37. Rf4 Ref6 38. Rdd4 Rxf4 39. Rxf4 Re6 40. a4 bxa4 41. bxa4 Qe8 42. Qd5 Kg7 43. Qd4+ Kg8 44. Rf5 Qe7 45. Rd5 Qf6 46. Qg4+ Kf8 47. Rf5 Qe7 48. Rg5 Qb7 49. Rg8+ Ke7 50. Qh4+ Rf6 51. Rg4 Qb2 52. Rf4 Ke6 53. Rxf6+ Qxf6 54. Qxf6+ Kxf6 55. g4 Ke5 56. Kg3 a5 57. f4+ Kd4 58. g5 Kc5 59. f5 Kb4 60. h4 Kxa4 61. h5 Kb3 62. g6 fxg6 63. fxg6 hxg6 64. h6 1-0

[Event "AUT-chT2O 0708"]
[Site "Austria"]
[Date "2008.02.16"]
[Round "8.2"]
[White "Sulyok, Michael"]
[Black "Chernin, Alexander"]
[Result "0-1"]
[WhiteElo "2255"]
[BlackElo "2587"]
[PlyCount "78"]
[EventDate "2007.10.20"]
[EventType "team-tourn"]
[EventRounds "11"]
[EventCountry "AUT"]
[SourceTitle "EXT 2009"]
[Source "ChessBase"]
[SourceDate "2008.11.26"]
[SourceVersion "1"]
[SourceVersionDate "2008.11.26"]
[SourceQuality "1"]
[WhiteTeam "Baden"]
[BlackTeam "Wien Husek"]
[WhiteTeamCountry "AUT"]
[BlackTeamCountry "AUT"]

1. c4 e5 2. Nc3 Nf6 3. g3 Bb4 4. Bg2 0-0 5. e4 Bxc3 6. bxc3 c6 7. Ba3 Re8 8. Qb3 b6 9. Nh3 Bb7 10. c5 h6 11. 0-0 Ba6 12. Rfe1 bxc5 13. Bxc5 d5 14. exd5 cxd5 15. d4 e4 16. Nf4 Bc4 17. Qa3 Nbd7 18. Bd6 Nb6 19. Bc5 Nfd7 20. Bh3 Qc7 21. Bd6 Qc6 22. Ng2 Bd3 23. Ne3 Nc4 24. Nxc4 Bxc4 25. Re3 a5 26. Bf4 Ra6 27. g4 Nf8 28. Bg3 Qc8 29. Kg2 Ne6 30. g5 hxg5 31. Rb1 Qc6 32. Bxe6 Qxe6 33. Rb7 Qf5 34. Re7 Rxe7 35. Qxe7 Rh6 36. Be5 Qg4+ 37. Rg3 Qe2 38. Rxg5 Qf1+ 39. Kg3 Qh3+ 0-1

[Event "AUT-chT2O 0708"]
[Site "Austria"]
[Date "2008.01.27"]
[Round "7.1"]
[White "Kleiser, Gregor"]
[Black "Chernin, Alexander"]
[Result "1/2-1/2"]
[WhiteElo "2323"]
[BlackElo "2587"]
[PlyCount "71"]
[EventDate "2007.10.20"]
[EventType "team-tourn"]
[EventRounds "11"]
[EventCountry "AUT"]
[SourceTitle "EXT 2009"]
[Source "ChessBase"]
[SourceDate "2008.11.26"]
[SourceVersion "1"]
[SourceVersionDate "2008.11.26"]
[SourceQuality "1"]
[WhiteTeam "Tschaturanga"]
[BlackTeam "Wien Husek"]
[WhiteTeamCountry "AUT"]
[BlackTeamCountry "AUT"]

1. d4 Nf6 2. Nf3 e6 3. c4 b6 4. g3 Ba6 5. b3 b5 6. c5 d6 7. cxd6 cxd6 8. Bg2 Nbd7 9. 0-0 Rc8 10. Bg5 Be7 11. Re1 h6 12. Bd2 0-0 13. e4 d5 14. e5 Ne4 15. Re3 Qb6 16. b4 Rc4 17. a3 Rfc8 18. Qe1 f5 19. exf6 Bxf6 20. Nc3 Nxd2 21. Qxd2 Bxd4 22. Nxd4 Rxd4 23. Qe1 Nf8 24. Ne2 Rdc4 25. Nf4 d4 26. Rxe6 Nxe6 27. Bd5 Re8 28. Nxe6 Kh8 29. Qe5 Re7 30. Qf5 Rxe6 31. Bxe6 Qd8 32. Rd1 Bc8 33. Bxc8 Qxc8 34. Qxc8+ Rxc8 35. Rxd4 Rc3 36. a4 1/2-1/2

[Event "AUT-chT2O 0708"]
[Site "Austria"]
[Date "2007.12.02"]
[Round "5.1"]
[White "Vlcek, Stanislav"]
[Black "Chernin, Alexander"]
[Result "0-1"]
[WhiteElo "2322"]
[BlackElo "2587"]
[PlyCount "44"]
[EventDate "2007.10.20"]
[EventType "team-tourn"]
[EventRounds "11"]
[EventCountry "AUT"]
[SourceTitle "CBM 121 Extra"]
[Source "ChessBase"]
[SourceDate "2008.01.10"]
[SourceVersion "1"]
[SourceVersionDate "2008.01.10"]
[SourceQuality "1"]
[WhiteTeam "Nickelsdorf"]
[BlackTeam "Wien Husek"]
[WhiteTeamCountry "AUT"]
[BlackTeamCountry "AUT"]

1. e4 c5 2. Nf3 e6 3. d3 d5 4. Nbd2 Nc6 5. g3 Bd6 6. Bg2 Nge7 7. 0-0 0-0 8. Nh4 d4 9. f4 f6 10. a4 Bc7 11. Ndf3 Bd7 12. g4 Be8 13. f5 exf5 14. gxf5 Bh5 15. Qe1 Nb4 16. Qf2 Nec6 17. Bh3 c4 18. dxc4 d3 19. c3 Nc2 20. Ra2 Qe7 21. b4 Qxe4 22. Nd2 Qe5 0-1

[Event "AUT-chT2O 0708"]
[Site "Austria"]
[Date "2007.10.20"]
[Round "1.1"]
[White "Blatny, Pavel"]
[Black "Chernin, Alexander"]
[Result "1/2-1/2"]
[WhiteElo "2432"]
[BlackElo "2587"]
[PlyCount "25"]
[EventDate "2007.10.20"]
[EventType "team-tourn"]
[EventRounds "11"]
[EventCountry "AUT"]
[SourceTitle "EXT 2009"]
[Source "ChessBase"]
[SourceDate "2008.11.26"]
[SourceVersion "1"]
[SourceVersionDate "2008.11.26"]
[SourceQuality "1"]
[WhiteTeam "Zwettl"]
[BlackTeam "Wien Husek"]
[WhiteTeamCountry "AUT"]
[BlackTeamCountry "AUT"]

1. b3 e5 2. Bb2 Nc6 3. e3 Nf6 4. g3 d5 5. Bg2 Bd6 6. d3 Ne7 7. Nd2 Ng6 8. Ne2 0-0 9. h3 Re8 10. a3 c6 11. c4 Be6 12. Qc2 a5 13. 0-0 1/2-1/2

[Event "Calatrava op rapid 2nd"]
[Site "Calatrava"]
[Date "2007.04.08"]
[Round "8"]
[White "Polgar, Judit"]
[Black "Chernin, Alexander"]
[Result "1-0"]
[WhiteElo "2727"]
[BlackElo "2587"]
[PlyCount "65"]
[EventDate "2007.04.06"]
[EventType "swiss (rapid)"]
[EventRounds "9"]
[EventCountry "ESP"]
[SourceTitle "CBM 117 Extra"]
[Source "ChessBase"]
[SourceDate "2007.05.09"]
[SourceVersion "1"]
[SourceVersionDate "2007.05.09"]
[SourceQuality "1"]

1. e4 g6 2. d4 Bg7 3. Nc3 d6 4. Nf3 Nf6 5. Bd3 Bg4 6. Be3 Nc6 7. h3 Bxf3 8. Qxf3 Nd7 9. Bc4 0-0 10. 0-0-0 e5 11. d5 Nd4 12. Qg3 c6 13. h4 Nb6 14. Bd3 h5 15. f4 cxd5 16. Nxd5 Nxd5 17. exd5 e4 18. Bxd4 Bxd4 19. Bxe4 Qf6 20. c3 Bc5 21. f5 Rae8 22. Rde1 Rxe4 23. Rxe4 Qxf5 24. Qd3 b5 25. Rf1 Qd7 26. Qe2 b4 27. cxb4 Bb6 28. Kb1 Qb7 29. g4 hxg4 30. h5 Qxd5 31. hxg6 f5 32. Re7 g3 33. Rd1 1-0

[Event "Corsica Masters rap 10th"]
[Site "Bastia"]
[Date "2006.11.05"]
[Round "1.1"]
[White "Bacrot, Etienne"]
[Black "Chernin, Alexander"]
[Result "1-0"]
[WhiteElo "2717"]
[BlackElo "2586"]
[PlyCount "93"]
[EventDate "2006.11.05"]
[EventType "k.o. (rapid)"]
[EventRounds "4"]
[EventCountry "FRA"]
[SourceTitle "EXT 2007"]
[Source "ChessBase"]
[SourceDate "2006.11.23"]
[SourceVersion "1"]
[SourceVersionDate "2006.11.23"]
[SourceQuality "1"]

1. d4 d5 2. c4 c6 3. Nc3 Nf6 4. Nf3 a6 5. e3 e6 6. c5 Nbd7 7. Bd3 b6 8. cxb6 Qxb6 9. 0-0 c5 10. b3 cxd4 11. exd4 Bd6 12. Bg5 0-0 13. Re1 Qb8 14. Rc1 Bb7 15. Bh4 Rc8 16. Rc2 Bb4 17. Qc1 Qa7 18. a3 Bxc3 19. Rxc3 Ne4 20. Rxc8+ Rxc8 21. Qf4 Qb6 22. b4 h6 23. Rc1 g5 24. Rxc8+ Bxc8 25. Qc1 Bb7 26. Bg3 Nxg3 27. hxg3 Bc6 28. g4 Kg7 29. Qc3 Qb7 30. Bc2 Bb5 31. Nd2 Nf6 32. f3 Qb8 33. a4 Be8 34. Nf1 h5 35. Qd2 Kh6 36. gxh5 Nxh5 37. Ne3 f5 38. Qe1 Bg6 39. g4 Ng7 40. gxf5 Nxf5 41. Bxf5 exf5 42. Nxd5 Qc8 43. Qd2 Qc4 44. Qh2+ Kg7 45. Qc7+ Qxc7 46. Nxc7 Bf7 47. Nxa6 1-0

[Event "Venaco op"]
[Site "Venaco"]
[Date "2006.11.02"]
[Round "5"]
[White "Chernin, Alexander"]
[Black "Gurevich, Mikhail"]
[Result "1/2-1/2"]
[WhiteElo "2587"]
[BlackElo "2643"]
[PlyCount "127"]
[EventDate "2006.11.02"]
[EventType "swiss (rapid)"]
[EventRounds "8"]
[EventCountry "FRA"]
[SourceTitle "EXT 2007"]
[Source "ChessBase"]
[SourceDate "2006.11.23"]
[SourceVersion "1"]
[SourceVersionDate "2006.11.23"]
[SourceQuality "1"]

1. d4 d5 2. c4 c6 3. cxd5 cxd5 4. Nc3 Nf6 5. Nf3 Nc6 6. Bf4 a6 7. Rc1 e6 8. e3 Be7 9. Bd3 Nh5 10. Be5 0-0 11. 0-0 Nf6 12. Bf4 Nh5 13. Be5 Nf6 14. Bg3 Nh5 15. Be5 Bd7 16. a3 f6 17. Bg3 Nxg3 18. hxg3 f5 19. Na4 Be8 20. Nc5 Bxc5 21. Rxc5 Bh5 22. Qc2 Bxf3 23. gxf3 Qd6 24. f4 Rf7 25. Rc1 h6 26. b4 g5 27. fxg5 hxg5 28. Bxa6 Rxa6 29. b5 Rxa3 30. bxc6 bxc6 31. Rxc6 Qe7 32. Qb2 Ra8 33. Qb6 Re8 34. Rc7 Qf6 35. Qd6 f4 36. Rxf7 Kxf7 37. exf4 gxf4 38. Rc3 Qxd4 39. Rf3 e5 40. Qd7+ Re7 41. Qf5+ Ke8 42. Ra3 Ra7 43. Qe6+ Kd8 44. Qg8+ Kc7 45. Qf7+ Kb8 46. Rb3+ Kc8 47. Qe8+ Kc7 48. Qb8+ Kd7 49. Rb7+ Rxb7 50. Qxb7+ Kd6 51. Qb8+ Kc5 52. gxf4 Qxf4 53. Qa7+ Kc4 54. Qa4+ Kd3 55. Qb3+ Ke4 56. Qc2+ Kd4 57. Qa4+ Kd3 58. Qb3+ Kd4 59. Qa4+ Kc5 60. Qa5+ Kc6 61. Qa6+ Kd7 62. Qb7+ Ke6 63. Qc6+ Kf5 64. Qxd5 1/2-1/2

[Event "HUN-chT 0506"]
[Site "Hungary"]
[Date "2006.03.19"]
[Round "9"]
[White "Kiss, Pal"]
[Black "Chernin, Alexander"]
[Result "0-1"]
[WhiteElo "2400"]
[BlackElo "2586"]
[PlyCount "118"]
[EventDate "2005.10.16"]
[EventType "team-tourn"]
[EventRounds "11"]
[EventCountry "HUN"]
[SourceTitle "EXT 2007"]
[Source "ChessBase"]
[SourceDate "2006.11.23"]
[SourceVersion "1"]
[SourceVersionDate "2006.11.23"]
[SourceQuality "1"]

1. d4 d5 2. c4 c6 3. e3 Nf6 4. Nc3 e6 5. Nf3 a6 6. Bd3 dxc4 7. Bxc4 b5 8. Be2 c5 9. dxc5 Qxd1+ 10. Bxd1 Bxc5 11. Bd2 Bb7 12. Rc1 Nbd7 13. 0-0 Ke7 14. Be2 Rac8 15. Rfd1 Bd6 16. Be1 Rhd8 17. Nb1 Rxc1 18. Rxc1 Rc8 19. Rxc8 Bxc8 20. Nd4 Bb7 21. Nc3 Nc5 22. a3 Nd5 23. b4 Nxc3 24. Bxc3 Na4 25. Ba1 Bd5 26. f3 f5 27. Kf2 g6 28. f4 Nb6 29. Nf3 Bc4 30. Nd2 Bxe2 31. Kxe2 Nd7 32. Nf3 Nb6 33. Nd2 Kd7 34. Kd3 Kc6 35. Bd4 Nd7 36. g3 e5 37. Bb2 Kd5 38. Nb1 e4+ 39. Kc2 Nb6 40. Bd4 Na8 41. Kb3 Nc7 42. Nc3+ Kc6 43. Ne2 Nd5 44. Nc3 Nc7 45. Ne2 Be7 46. Nc3 Ne6 47. Be5 Bd8 48. Kc2 Bb6 49. Kd2 a5 50. h3 Bd8 51. Kc2 h6 52. h4 h5 53. Bh8 axb4 54. axb4 Bb6 55. Kd2 Nc7 56. Bf6 Nd5 57. Nxd5 Kxd5 58. Be7 Kc4 59. Bd6 Bd8 0-1

[Event "ESP-chT Honor Gp2 49th"]
[Site "Sant Lluis"]
[Date "2005.09.01"]
[Round "2"]
[White "Chernin, Alexander"]
[Black "Moiseenko, Alexander"]
[Result "1/2-1/2"]
[WhiteElo "2598"]
[BlackElo "2664"]
[PlyCount "52"]
[EventDate "2005.08.31"]
[EventType "team-tourn"]
[EventRounds "5"]
[EventCountry "ESP"]
[SourceTitle "CBM 109"]
[Source "ChessBase"]
[SourceDate "2005.11.14"]
[SourceVersion "1"]
[SourceVersionDate "2005.11.14"]
[SourceQuality "1"]

1. d4 Nf6 2. c4 e6 3. Nf3 Bb4+ 4. Bd2 c5 5. Bxb4 cxb4 6. g3 0-0 7. Bg2 d6 8. Nbd2 Nc6 9. Nf1 e5 10. Ne3 Ng4 11. Nd5 f5 12. a3 e4 13. Nd2 bxa3 14. Rxa3 Be6 15. h3 Nh6 16. Nf4 Bf7 17. e3 Nb4 18. h4 a5 19. Bf1 b6 20. Be2 Kh8 21. Kf1 Qe7 22. Kg2 Ng8 23. Nb1 Nf6 24. Nc3 Rac8 25. d5 Qe5 26. Qd2 g6 1/2-1/2

[Event "ESP-chT"]
[Site "Sanxenxo"]
[Date "2004.11.25"]
[Round "8"]
[White "Chernin, Alexander"]
[Black "Nijboer, Friso"]
[Result "1/2-1/2"]
[WhiteElo "2584"]
[BlackElo "2567"]
[PlyCount "25"]
[EventDate "2004.11.18"]
[EventType "team-tourn"]
[EventRounds "9"]
[EventCountry "ESP"]
[SourceTitle "CBM 105"]
[Source "ChessBase"]
[SourceDate "2005.04.11"]
[SourceVersion "1"]
[SourceVersionDate "2005.04.11"]
[SourceQuality "1"]

1. d4 f5 2. Bg5 g6 3. Nd2 Bg7 4. e4 fxe4 5. Nxe4 d5 6. Nc5 b6 7. Nb3 Nh6 8. Nf3 0-0 9. Be2 Nf7 10. Bh4 a6 11. 0-0 Nc6 12. c3 Bf6 13. Bxf6 1/2-1/2

[Event "HUN-chT 0304"]
[Site "Hungary"]
[Date "2004.02.08"]
[Round "7"]
[White "Chernin, Alexander"]
[Black "Anka, Emil"]
[Result "1-0"]
[WhiteElo "2574"]
[BlackElo "2427"]
[PlyCount "55"]
[EventDate "2003.09.28"]
[EventType "team-tourn"]
[EventRounds "11"]
[EventCountry "HUN"]
[SourceTitle "EXT 2006"]
[Source "ChessBase"]
[SourceDate "2005.11.24"]
[SourceVersion "1"]
[SourceVersionDate "2005.11.24"]
[SourceQuality "1"]

1. d4 Nf6 2. c4 e6 3. Nc3 Bb4 4. Qc2 0-0 5. a3 Bxc3+ 6. Qxc3 b6 7. Bg5 Ba6 8. e3 d6 9. Ne2 Nbd7 10. Qc2 h6 11. Bh4 Rc8 12. Nc3 c5 13. d5 exd5 14. Nxd5 Bb7 15. Nc3 Qe7 16. 0-0-0 Ne5 17. Qf5 g5 18. Bg3 Rcd8 19. h4 Bc8 20. Qc2 g4 21. h5 Qe6 22. Bh4 Bb7 23. e4 Rd7 24. f4 Nc6 25. Nd5 Nxh5 26. Be1 Ng7 27. f5 Qe5 28. Bg3 1-0

[Event "HUN-chT 0304"]
[Site "Hungary"]
[Date "2003.11.16"]
[Round "3"]
[White "Chernin, Alexander"]
[Black "Farkas, Tibor"]
[Result "1-0"]
[WhiteElo "2574"]
[BlackElo "2344"]
[PlyCount "120"]
[EventDate "2003.09.28"]
[EventType "team-tourn"]
[EventRounds "11"]
[EventCountry "HUN"]
[SourceTitle "EXT 2005"]
[Source "ChessBase"]
[SourceDate "2004.11.15"]
[SourceVersion "1"]
[SourceVersionDate "2004.11.15"]
[SourceQuality "1"]

1. c4 g6 2. e4 Bg7 3. d4 d6 4. Nc3 Nf6 5. h3 0-0 6. Bg5 a6 7. Nf3 c5 8. d5 Qa5 9. Bd3 b5 10. 0-0 Nbd7 11. a3 Rb8 12. Rb1 Qc7 13. Re1 Re8 14. cxb5 c4 15. Bf1 axb5 16. Nd4 Ba6 17. b4 cxb3 18. Ncxb5 Bxb5 19. Bxb5 h6 20. Bxf6 Bxf6 21. a4 Bxd4 22. Qxd4 Rec8 23. Rxb3 Nc5 24. Rbe3 e5 25. dxe6 Nxe6 26. Qd2 Rd8 27. Rd1 h5 28. Rc3 Qa5 29. Qc2 Qb4 30. Rc4 Qa5 31. h4 Qa7 32. g3 Qe7 33. Qc3 Kh7 34. Rd5 Kg8 35. Rc6 Rb7 36. Rc4 Nc7 37. Rg5 Ne6 38. Rd5 Nc7 39. Bc6 Nxd5 40. Bxd5 Ra7 41. Kg2 Rb8 42. a5 Qe5 43. Rc8+ Rxc8 44. Qxc8+ Kg7 45. a6 Qb2 46. Qc4 Kg8 47. Qc6 Qa1 48. Qc8+ Kg7 49. Bb7 Qd4 50. Qc6 Kg8 51. Qb5 Kg7 52. Qb3 Kg8 53. Kf3 Qf6+ 54. Kg2 Qd8 55. Qe3 Qb8 56. Qb6 Kg7 57. Kf3 Kf8 58. Ke3 Ke7 59. Kd3 Kf8 60. Kc4 Ke7 1-0

[Event "HUN-chT 0203"]
[Site "Hungary"]
[Date "2003.02.01"]
[Round "5.2"]
[White "Chernin, Alexander"]
[Black "Vujosevic, Vladimir"]
[Result "1-0"]
[WhiteElo "2573"]
[BlackElo "2359"]
[PlyCount "77"]
[EventDate "2002.09.22"]
[EventType "team-tourn"]
[EventRounds "11"]
[EventCountry "HUN"]
[SourceTitle "EXT 2004"]
[Source "ChessBase"]
[SourceDate "2003.11.25"]
[SourceVersion "1"]
[SourceVersionDate "2003.11.25"]
[SourceQuality "1"]
[WhiteTeam "Miskolc"]
[BlackTeam "PMSE"]
[WhiteTeamCountry "HUN"]
[BlackTeamCountry "HUN"]

1. d4 d5 2. c4 e6 3. Nc3 Nf6 4. cxd5 exd5 5. Bg5 Be7 6. e3 0-0 7. Bd3 h6 8. Bh4 b6 9. Nf3 Bb7 10. 0-0 Nbd7 11. Qc2 c5 12. Rad1 a6 13. Bf5 c4 14. Ne5 b5 15. a3 Nb6 16. Qc1 Re8 17. f3 Nfd7 18. Bg3 Nf8 19. e4 Bg5 20. Qc2 Bh4 21. Qf2 Bxg3 22. Qxg3 Qc7 23. Qf2 Rad8 24. Ng4 h5 25. Ne5 g6 26. Qg3 Kh7 27. Nxg6 Qxg3 28. Nxf8+ Kg7 29. hxg3 Kxf8 30. e5 Bc6 31. Ne2 Ke7 32. Kf2 Rh8 33. Rh1 a5 34. Nf4 Na4 35. Rd2 b4 36. axb4 axb4 37. Nxh5 b3 38. g4 Ra8 39. Re1 1-0